000 00791nam a2200229Ia 4500
003 OSt
005 20220923212457.0
006 a|||||r|||| 00| 0
007 ta
008 220922b |||||||| |||| 00| 0 hin d
024 _a153,384
037 _cTextual
040 _aARTS
_cARTS
_bhin
041 _2hin
_ahin
082 _aO15v2:K, 152K0;1
100 _aकीथ, ए0 बी0 ब्रेडले
_9162531
245 0 _aसंस्कृत साहित्य का इतिहास, अनु मंगलदेव शास्त्री
246 _aSanskṛut sāhitya kā itihāsa, anu0 hingaladev shāstrī
260 _c1960
942 _hO15v2:K, 152K0;1
_cTEXL
_2CC
999 _c309030
_d309030